000 00679nam a2200289Ia 4500
005 20260324132137.0
008 008 260324s9999 xx 000 0 eng d
020 _a9780203022207
037 _aEBOOK
040 _aCRL
040 _beng
040 _cCRL
041 _2eng
041 _aeng
084 _qCRL
100 _aArthur Aughey
_91188187
245 4 _aThe Politics of Northern Ireland
245 0 _bBeyond the Belfast Agreement
260 _bTaylor and Francis
260 _c2005
365 _a
365 _b290
856 _uhttp://www.taylorfrancis.com/books/9780203022207
942 _cEBOOK
999 _c1786004
_d1786004